| 000 | 00517nam a22001932 4500 | ||
|---|---|---|---|
| 001 | 0000006164 | ||
| 005 | 20151217152013.0 | ||
| 008 | 070921s xx 000 0 eng d | ||
| 020 |
_a0706984617 : _cKES 560 |
||
| 040 |
_aKABU _cKABU |
||
| 100 | 1 |
_aKumar, Krishan. _@0000157558 |
|
| 245 | 1 | 3 | _aAn Introduction to cataloguing practice. |
| 250 | _a 3rd rev ed. | ||
| 300 | _a p. | ||
| 650 | 0 |
_aCataloguing. _@0000156644 |
|
| 908 | _a070921 | ||
| 950 | _@1 | ||
| 999 |
_c7211 _d7211 |
||